[Event "1st Tungsram it"]
[Site "Budapest HUN"]
[Date "1975.03.??"]
[Round "5"]
[White "Farago, Ivan"]
[WhiteElo "2460"]
[Black "Poutiainen, Pertti"]
[BlackElo "2395"]
[Result "0-1"]
[EventDate "1975.03.18"]
[PlyCount "42"]

1.d4 {Notes by Florian from Informant} 1...g6 2.c4 f5 3.g3 Nf6 4.Bg2 Bg7 
5.Nf3 O-O 6.Nc3 d6 7.O-O Nc6 8.d5 Ne5 9.Nxe5 dxe5 10.e4 f4 11.b4 g5 12.Re1
a6 13.Bb2 Qe8 14.Rc1 Ng4 15.Rc2 Qh5 16.h3 f3 {!!} 17.Bxf3 {17. hxg4 Bxg4 
18 Bh1 Rf6 -+; 17. Bf1 Nh6 18 Re3 (18. Kh2 Bxh3; 18. Bg2 Bxh3 19. Bh1 
Bf1!! 20. Bxf3 Rxf3 21. Rxf1 Ng4 22. Kg2 Rxg3+! 23. Kxg3 Qh2+ 24. Kf3 Rf8+
25. Ke2 Rxf2+ 26. Ke1 Rxf1+ 27. Kxf1 Ne3+ 28. Ke1 Nxc2+ 29. Kf1 Ne3+) Bxh3
19. Bxh3 Qxh3 20. Rxf3 Ng4 21. Qd3 Qh2+ 22. Kf1 Qh1+ 23. Ke2 Nxf2! 24. 
Rxf2 (24. Kxf2 Rf3+ 25. Qf3 Rf8) Rxf2+ 25. Kxf2 Rf8+ 26. Ke2 g4! 27. Nd1 
(27. Rc1 Qg2+ 28. Kd1 Bh6 29. Qe2 Rf1+ 30. Kc2 Rf2) Qg2+ 28. Ke1 Qg1+ 29. 
Kd2 Rf3 -+} 17...Qxh3 18.Qd3 {18. a4 Qh2+ 19. Kf1 Rxf3!! 20. Qxf3 Nf6 21. 
g4 (21. Bc1 Bg4 22. Qg2 Bh3) Bxg4 22. Qg3 Qh1+ 23. Qg1 Qh3+ 24. Qg2 Qd3+ 
25. Kg1 (25. Ree2 Bh3) Qc2 -+} 18...Nxf2 {!} 19.Rxf2 {19.Kxf2? Qh2+ 20.Ke3
Rxf3+!! 21.Kxf3 g4+ 22.Ke3 Bh6#} 19...Qxg3+ 20.Kf1 Bh3+ 21.Ke2 g4 0-1

[Event "1st Tungsram it"]
[Site "Budapest HUN"]
[Date "1975.03.??"]
[Round "5"]
[White "Espig, Lutz"]
[WhiteElo "2490"]
[Black "Bilek, Istvan"]
[BlackElo "2495"]
[Result "1-0"]
[EventDate "1975.03.18"]
[PlyCount "68"]

1.Nf3 g6 2.e4 Bg7 3.d4 d6 4.Nc3 Nf6 5.h3 O-O 6.Be3 a6 7.a4 b6 8.Bc4 Bb7 9.
e5 Ne4 10.Nxe4 Bxe4 11.Ng5 Bb7 12.Qg4 e6 13.h4 h5 14.Qg3 dxe5 15.dxe5 Nc6 
16.Nf3 Nb4 17.O-O Bxf3 18.gxf3 Nxc2 19.Rad1 Qe7 20.Bf4 Qc5 21.Bd3 Nd4 22.
Kg2 Rad8 23.Rc1 Qd5 24.Be4 Qd7 25.Rfe1 a5 26.Bg5 c5 27.Bf6 Kh7 28.Qg5 Bh6 
29.Qxh5 Nf5 30.Qg4 Bxc1 31.Rxc1 Ne3+ 32.fxe3 Qd2+ 33.Kg3 Qxe3 34.h5 1-0

[Event "1st Tungsram it"]
[Site "Budapest HUN"]
[Date "1975.03.??"]
[Round "5"]
[White "Adorjan, Andras"]
[WhiteElo "2515"]
[Black "Sax, Gyula"]
[BlackElo "2510"]
[Result "1/2-1/2"]
[EventDate "1975.03.18"]
[PlyCount "28"]

1.e4 c5 2.Nf3 d6 3.d4 cxd4 4.Nxd4 Nf6 5.Nc3 a6 6.Be2 e6 7.O-O Be7 8.f4 Qc7
9.Kh1 O-O 10.Qe1 Nc6 11.Be3 Na5 12.Qg3 Nc4 13.Bxc4 Qxc4 14.e5 1/2-1/2

[Event "1st Tungsram it"]
[Site "Budapest HUN"]
[Date "1975.03.??"]
[Round "6"]
[White "Szabo, Laszlo"]
[WhiteElo "2545"]
[Black "Espig, Lutz"]
[BlackElo "2490"]
[Result "1/2-1/2"]
[EventDate "1975.03.18"]
[PlyCount "36"]

1.Nf3 d5 2.g3 Nf6 3.Bg2 e6 4.O-O Be7 5.d3 c5 6.Nbd2 Nc6 7.e4 O-O 8.Re1 b5 
9.Qe2 a5 10.Nf1 Ba6 11.e5 Nd7 12.h4 b4 13.Bg5 a4 14.N1h2 c4 15.dxc4 Bxc4 
16.Qd2 Nc5 17.Nd4 Nxd4 18.Qxd4 Nd7 1/2-1/2

[Event "1st Tungsram it"]
[Site "Budapest HUN"]
[Date "1975.03.??"]
[Round "6"]
[White "Bilek, Istvan"]
[WhiteElo "2495"]
[Black "Adorjan, Andras"]
[BlackElo "2515"]
[Result "1/2-1/2"]
[EventDate "1975.03.18"]
[PlyCount "81"]

1.c4 g6 2.g3 Bg7 3.Bg2 c5 4.Nc3 Nc6 5.d3 e6 6.e4 Nge7 7.Nge2 O-O 8.Bg5 h6 
9.Be3 Nd4 10.Qd2 Kh7 11.O-O d6 12.f4 Rb8 13.Rab1 b6 14.Bxd4 cxd4 15.Nb5 a6
16.Nbxd4 b5 17.Kh1 Qb6 18.Nc2 Bb7 19.b3 Ba8 20.Ne3 f5 21.exf5 Nxf5 22.Nxf5
Bxg2+ 23.Kxg2 Qb7+ 24.Rf3 gxf5 25.Rf1 Rbc8 26.h3 bxc4 27.dxc4 d5 28.cxd5 
Rfd8 29.Rd3 Rxd5 30.Rxd5 Rc5 31.Qe3 Qxd5+ 32.Qf3 Rc2 33.Qxd5 exd5 34.Kf3 
Rxa2 35.Rd1 Rb2 36.Rd3 h5 37.Ke3 Bf8 38.Nd4 Bc5 39.Rc3 Bb6 40.Kd3 h4 41.
gxh4 1/2-1/2

[Event "1st Tungsram it"]
[Site "Budapest HUN"]
[Date "1975.03.??"]
[Round "6"]
[White "Pinter, Jozsef"]
[WhiteElo "2410"]
[Black "Farago, Ivan"]
[BlackElo "2460"]
[Result "1/2-1/2"]
[EventDate "1975.03.18"]
[PlyCount "44"]

1.e4 e6 2.d4 d5 3.Nd2 c5 4.exd5 exd5 5.Ngf3 Nc6 6.Bb5 Bd6 7.dxc5 Bxc5 8.
Nb3 Bd6 9.O-O Ne7 10.Bxc6+ bxc6 11.Qd4 O-O 12.Bf4 Nf5 13.Qd2 Qb6 14.Nfd4 
Be7 15.Rfe1 Bf6 16.Be5 Bxe5 17.Rxe5 Nd6 18.Qf4 Ne4 19.Re1 Nf6 20.Nf3 h6 
21.Qd4 Bg4 22.R5e3 1/2-1/2

[Event "1st Tungsram it"]
[Site "Budapest HUN"]
[Date "1975.03.??"]
[Round "6"]
[White "Mariotti, Sergio"]
[WhiteElo "2495"]
[Black "Holm, Sejer"]
[BlackElo "2390"]
[Result "1-0"]
[EventDate "1975.03.18"]
[PlyCount "71"]

1.e4 c5 2.b4 cxb4 3.d4 d5 4.e5 e6 5.a3 Qc7 6.Bd3 Nc6 7.Ne2 f6 8.f4 Qb6 9.
axb4 Nxb4 10.O-O f5 11.Na3 Nxd3 12.Qxd3 Ne7 13.c4 Qd8 14.Nb5 Nc6 15.cxd5 
exd5 16.Ba3 Be6 17.Bd6 Kf7 18.g4 g6 19.Ng3 Qd7 20.Rfb1 b6 21.Rc1 Rg8 22.
Rc3 Rc8 23.Rxc6 Qxc6 24.Rxa7+ Bd7 25.gxf5 Qc1+ 26.Kg2 Qb2+ 27.Kh3 Ke8 28.
Rxd7 Kxd7 29.e6+ Kd8 30.f6 Bxd6 31.Nxd6 Rc2 32.e7+ Kc7 33.Qxc2+ Qxc2 34.f7
Kxd6 35.fxg8=Q Kxe7 36.Qxd5 1-0

[Event "1st Tungsram it"]
[Site "Budapest HUN"]
[Date "1975.03.??"]
[Round "6"]
[White "Polugaevsky, Lev"]
[Black "Hulak, Krunoslav"]
[Result "1-0"]
[WhiteElo "2645"]
[BlackElo "2475"]
[EventDate "1975.03.18"]
[PlyCount "103"]

1.d4 Nf6 2.c4 c5 3.d5 e6 4.Nc3 exd5 5.cxd5 g6 6.e4 d6 7.Nf3 Bg7 8.Be2 O-O 
9.O-O Bg4 10.Nd2 Bxe2 11.Qxe2 Nbd7 12.Nc4 Nb6 13.Ne3 Re8 14.f3 Nh5 15.a4 
Nf4 16.Qd1 Bd4 17.Kh1 Nh5 18.Nb5 Bxe3 19.Bxe3 Nc4 20.Bc1 a6 21.Nc3 Qh4 22.
Kg1 f5 23.a5 Ne5 24.exf5 gxf5 25.Ra4 c4 26.Be3 Rac8 27.Qd2 f4 28.Bf2 Qg5 
29.Bd4 Qg6 30.Rb4 Rc7 31.Bxe5 Rxe5 32.Rb6 Re3 33.Ne4 Rd3 34.Qb4 Rg7 35.g3 
fxg3 36.h4 g2 37.Re1 Nf4 38.Ng5 h6 39.Rxd6 hxg5 40.Rxg6 Rxg6 41.h5 Rg7 42.
Qxc4 Kh7 43.Kh2 Kh6 44.Re8 Rh7 45.Qe4 g1=Q+ 46.Kxg1 Rd1+ 47.Kf2 Rd2+ 48.
Ke1 Re2+ 49.Qxe2 Nxe2 50.Kxe2 Rd7 51.Re5 Kxh5 52.Ke3 1-0

[Event "1st Tungsram it"]
[Site "Budapest HUN"]
[Date "1975.03.??"]
[Round "6"]
[White "Poutiainen, Pertti"]
[WhiteElo "2395"]
[Black "Kirov, Nino"]
[BlackElo "2435"]
[Result "0-1"]
[EventDate "1975.03.18"]
[PlyCount "86"]

1.e4 c5 2.Nf3 e6 3.d4 cxd4 4.Nxd4 Nc6 5.Nc3 a6 6.g3 Qc7 7.Bg2 Nf6 8.O-O 
Be7 9.Re1 O-O 10.Nxc6 dxc6 11.e5 Rd8 12.Qe2 Nd5 13.Ne4 Qxe5 14.c4 Nf6 15.
Bg5 Qf5 16.h4 e5 17.Nxf6+ Bxf6 18.Bxf6 gxf6 19.b4 Be6 20.a4 Qd3 21.Qxd3 
Rxd3 22.b5 Bxc4 23.bxc6 bxc6 24.Bxc6 Rc8 25.Bb7 Rb8 26.Rab1 a5 27.Rec1 Rb3
28.Ra1 Rb4 29.Bc6 R8b6 30.Bg2 Rd6 31.Rc2 Kg7 32.Bf1 Rd4 33.Bxc4 Rdxc4 34.
Rxc4 Rxc4 35.Kf1 f5 36.Ke2 h5 37.f3 Kg6 38.Kd3 Rb4 39.Kc3 f4 40.g4 hxg4 
41.fxg4 f3 42.h5+ Kh6 43.Rg1 Rxg4 0-1

[Event "1st Tungsram it"]
[Site "Budapest HUN"]
[Date "1975.03.??"]
[Round "7"]
[White "Hulak, Krunoslav"]
[WhiteElo "2475"]
[Black "Smejkal, Jan"]
[BlackElo "2600"]
[Result "1/2-1/2"]
[EventDate "1975.03.18"]
[PlyCount "39"]

1.e4 e5 2.Nf3 Nc6 3.Bb5 a6 4.Bxc6 dxc6 5.O-O Qd6 6.d3 Ne7 7.Be3 Ng6 8.Nbd2
Be7 9.Qe2 O-O 10.Nc4 Qe6 11.a4 a5 12.Rfe1 c5 13.Bd2 b6 14.Qf1 Ba6 15.Ne3 
Rad8 16.g3 Bf6 17.Nd5 Rd7 18.Bc3 Bd8 19.Ne3 Bf6 20.Nd5 1/2-1/2

[Event "1st Tungsram it"]
[Site "Budapest HUN"]
[Date "1975.03.??"]
[Round "7"]
[White "Ribli, Zoltan"]
[WhiteElo "2520"]
[Black "Poutiainen, Pertti"]
[BlackElo "2395"]
[Result "1-0"]
[EventDate "1975.03.18"]
[PlyCount "86"]

1.c4 f5 2.Nc3 Nf6 3.d4 e6 4.Nf3 Bb4 5.Qb3 Qe7 6.e3 b6 7.Be2 Bxc3+ 8.Qxc3 
d6 9.b4 Ne4 10.Qc2 Bb7 11.O-O O-O 12.Nd2 Nd7 13.f3 Nxd2 14.Bxd2 c5 15.a4 
e5 16.a5 exd4 17.a6 Bc8 18.exd4 cxb4 19.Rfe1 Qf6 20.Qb2 Nc5 21.Bf1 Kh8 22.
Bxb4 Nxa6 23.Bc3 Nc7 24.d5 Qf7 25.Qa3 Rd8 26.Ra2 Bb7 27.Qb2 Rd7 28.Rea1 
Nxd5 29.cxd5 Bxd5 30.Ra4 Bc6 31.Bb5 Bxb5 32.Qxb5 h6 33.Rf4 Rf8 34.Rd1 d5 
35.Qd3 Qe6 36.Re1 Qg6 37.Re5 Qg5 38.Rfxf5 Rxf5 39.Rxf5 Qe7 40.Re5 Qf7 41.
h4 a5 42.h5 Kg8 43.Qe3 1-0

[Event "1st Tungsram it"]
[Site "Budapest HUN"]
[Date "1975.03.??"]
[Round "7"]
[White "Sax, Gyula"]
[WhiteElo "2510"]
[Black "Bilek, Istvan"]
[BlackElo "2495"]
[Result "1/2-1/2"]
[EventDate "1975.03.18"]
[PlyCount "92"]

1.e4 c6 2.c4 e5 3.d4 d6 4.Nc3 Nf6 5.Nf3 Nbd7 6.Be2 Be7 7.O-O O-O 8.Qc2 a6 
9.Rd1 Qc7 10.a4 Re8 11.h3 g6 12.Bg5 Bf8 13.c5 dxc5 14.dxe5 Nh5 15.Qd2 Ng7 
16.Bf4 Ne6 17.Bg3 Bg7 18.Qd6 Qxd6 19.Rxd6 Nd4 20.Nxd4 cxd4 21.Rxd4 Nxe5 
22.Rad1 g5 23.a5 Be6 24.R1d2 c5 25.Rd6 Nc6 26.Nd5 Nxa5 27.Nc7 Nb3 28.Nxe8 
Nxd2 29.Nxg7 Nxe4 30.Nxe6 Nxd6 31.Nxc5 Rd8 32.Bf3 Nf5 33.Nxb7 Rd2 34.Be5 
Nd4 35.Bxd4 Rxd4 36.Nc5 a5 37.b3 Kf8 38.Be2 Rd5 39.Na4 Ke7 40.Kf1 f5 41.
Ke1 Rd4 42.Nc3 Ke6 43.Bc4+ Ke5 44.Ke2 h5 45.Nb5 Re4+ 46.Kf1 1/2-1/2

[Event "1st Tungsram it"]
[Site "Budapest HUN"]
[Date "1975.03.??"]
[Round "7"]
[White "Kirov, Nino"]
[WhiteElo "2435"]
[Black "Pinter, Jozsef"]
[BlackElo "2410"]
[Result "1/2-1/2"]
[EventDate "1975.03.18"]
[PlyCount "126"]

1.Nf3 Nf6 2.c4 g6 3.Nc3 Bg7 4.g3 O-O 5.Bg2 d6 6.O-O Nc6 7.d4 a6 8.d5 Na5 
9.b3 c5 10.dxc6 Ne4 11.c7 Qxc7 12.Nd5 Qd8 13.Nd4 f5 14.Bb2 Nc6 15.e3 e6 
16.Nf4 Qe7 17.Rc1 Bd7 18.Ba3 Rfd8 19.Qd3 Nc5 20.Qd2 Rac8 21.Rfd1 Ne5 22.
Qe2 Kh8 23.Nf3 Nf7 24.Bb2 b5 25.Bxg7+ Kxg7 26.Qb2+ Kg8 27.cxb5 axb5 28.b4 
Na4 29.Qd2 Nb6 30.Rxc8 Rxc8 31.Rc1 Nc4 32.Qe2 d5 33.Nd3 e5 34.Nc5 Bc6 35.
Nd2 Nfd6 36.Nxc4 Nxc4 37.Rd1 e4 38.Qc2 Ra8 39.Bf1 Ne5 40.Be2 g5 41.a4 bxa4
42.b5 Bb7 43.Nxb7 Qxb7 44.Qa2 Qf7 45.Rxd5 a3 46.Bh5 Ng6 47.Bd1 Kg7 48.Bb3 
Qf6 49.Rd7+ Kh6 50.Bg8 Ne7 51.Bc4 Ng6 52.Rc7 f4 53.Rc6 Qb2 54.exf4 gxf4 
55.gxf4 e3 56.fxe3 Rd8 57.Bd5 Qxb5 58.e4 Qb2 59.Qxb2 axb2 60.Rb6 b1=Q+ 61.
Rxb1 Nxf4 62.Rb6+ Kg7 63.Rb3 1/2-1/2

[Event "1st Tungsram it"]
[Site "Budapest HUN"]
[Date "1975.03.??"]
[Round "7"]
[White "Espig, Lutz"]
[WhiteElo "2490"]
[Black "Mariotti, Sergio"]
[BlackElo "2495"]
[Result "1/2-1/2"]
[EventDate "1975.03.18"]
[PlyCount "80"]

1.e4 Nf6 2.e5 Nd5 3.d4 d6 4.c4 Nb6 5.exd6 cxd6 6.Nc3 g6 7.Be3 Bg7 8.h3 O-O
9.Nf3 d5 10.c5 Nc4 11.Bxc4 dxc4 12.O-O Bf5 13.Qa4 Bd3 14.Rfd1 Nc6 15.d5 
Nb8 16.Bd4 Nd7 17.Bxg7 Kxg7 18.c6 bxc6 19.dxc6 Nc5 20.Qa3 Qd6 21.b4 Ne6 
22.Qb2 Kg8 23.b5 Nf4 24.a4 Qf6 25.Re1 Ne2+ 26.Rxe2 Bxe2 27.Nh2 Rfd8 28.Rc1
Bd3 29.Ng4 Qg5 30.Ne3 Bf5 31.Kh1 Rd3 32.Qb4 Bxh3 33.gxh3 Rxe3 34.fxe3 Qxe3
35.Qb2 Rd8 36.c7 Qxh3+ 37.Qh2 Qf3+ 38.Qg2 Qh5+ 39.Qh2 Qf3+ 40.Qg2 1/2-1/2

[Event "1st Tungsram it"]
[Site "Budapest HUN"]
[Date "1975.03.??"]
[Round "8"]
[White "Smejkal, Jan"]
[WhiteElo "2600"]
[Black "Holm, Sejer"]
[BlackElo "2390"]
[Result "1-0"]
[EventDate "1975.03.18"]
[PlyCount "79"]

1.c4 c5 2.Nf3 g6 3.d4 cxd4 4.Nxd4 Nc6 5.e4 Nf6 6.Nc3 Nxd4 7.Qxd4 d6 8.Bg5 
Bg7 9.Qd2 O-O 10.Bd3 Be6 11.Rc1 a6 12.b3 Qa5 13.O-O Rfc8 14.Rfe1 Rab8 15.
a4 Kf8 16.h3 Rc7 17.Rc2 Qb4 18.Rb1 Rcc8 19.Qe2 Qc5 20.Nd5 Bxd5 21.exd5 a5 
22.Be3 Qc7 23.f4 Kg8 24.f5 Rf8 25.Qf2 b6 26.Rf1 Nd7 27.Re2 e6 28.fxe6 fxe6
29.Qh4 Rxf1+ 30.Kxf1 exd5 31.Qe7 d4 32.Bf4 Rf8 33.Rf2 Rf6 34.Be4 Bf8 35.
Bd5+ Kh8 36.Qe8 d3 37.Bg5 Rxf2+ 38.Kxf2 h6 39.Qf7 Qc5+ 40.Be3 1-0

[Event "1st Tungsram it"]
[Site "Budapest HUN"]
[Date "1975.03.??"]
[Round "8"]
[White "Farago, Ivan"]
[WhiteElo "2460"]
[Black "Kirov, Nino"]
[BlackElo "2435"]
[Result "1/2-1/2"]
[EventDate "1975.03.18"]
[PlyCount "150"]

1.d4 Nf6 2.c4 g6 3.Nc3 d5 4.Bf4 Bg7 5.Nf3 O-O 6.e3 c5 7.dxc5 Ne4 8.Rc1 
Nxc3 9.bxc3 dxc4 10.Qxd8 Rxd8 11.Bxc4 Nd7 12.Bg5 Nf6 13.c6 h6 14.Bh4 bxc6 
15.Ne5 e6 16.Nxc6 Rd6 17.Nd4 Ba6 18.Bxa6 Rxa6 19.Bxf6 Bxf6 20.Rc2 Rc8 21.
Ke2 Ra4 22.Rhc1 Rac4 23.f3 a6 24.Kd3 e5 25.Nb3 Be7 26.Nd2 R4c6 27.Rb1 f5 
28.Rb7 Kf7 29.c4 Ke6 30.Rcb2 a5 31.R2b6 Bb4 32.Nb3 Rd8+ 33.Ke2 Rdd6 34.
Rxc6 Rxc6 35.a3 Bxa3 36.Nxa5 Ra6 37.Nb3 Be7 38.Kd3 Ra2 39.Rb6+ Kf7 40.c5 
Rxg2 41.c6 e4+ 42.fxe4 fxe4+ 43.Kxe4 Bd6 44.Kd5 Bxh2 45.c7 Rg5+ 46.Kd4 
Be5+ 47.Kc4 Bxc7 48.Rb7 Kf6 49.Rxc7 h5 50.Kd4 h4 51.Rh7 Rg4+ 52.e4 g5 53.
Kd5 Kg6 54.Rh8 Kg7 55.Ra8 h3 56.Ra1 Rg2 57.Nd4 g4 58.Ke5 h2 59.Nf5+ Kf7 
60.Ra7+ Kg8 61.Kf6 h1=Q 62.Kg6 Ra2 63.Rxa2 Qxe4 64.Ra3 Qc6+ 65.Kh5 Kf7 66.
Kxg4 Qc4+ 67.Kg5 Qc1+ 68.Re3 Qd2 69.Kg4 Kf6 70.Rf3 Qg2+ 71.Ng3+ Kg6 72.Rf4
Qg1 73.Re4 Qd1+ 74.Kf4 Qd6+ 75.Kg4 Qd5 1/2-1/2

[Event "1st Tungsram it"]
[Site "Budapest HUN"]
[Date "1975.03.??"]
[Round "8"]
[White "Poutiainen, Pertti"]
[WhiteElo "2395"]
[Black "Hulak, Krunoslav"]
[BlackElo "2475"]
[Result "1/2-1/2"]
[EventDate "1975.03.18"]
[Source "Pessi,Maki, 1994"]
[PlyCount "87"]

1.e4 c5 2.Nf3 e6 3.d4 cxd4 4.Nxd4 Nf6 5.Nc3 d6 6.f4 Nc6 7.Nf3 Be7 8.Bd3 
O-O 9.O-O a6 10.Kh1 b5 11.Qe2 Bb7 12.e5 Ne8 13.a3 Qc7 14.Ne4 Rd8 15.Bd2 
Qc8 16.Bc3 h6 17.Rae1 b4 18.axb4 dxe5 19.fxe5 Nxb4 20.Bxb4 Bxb4 21.c3 Be7 
22.Nd4 Rd5 23.Nd2 g6 24.Ra1 Nc7 25.Bc4 Rdd8 26.Ne4 Kg7 27.Nd6 Bxd6 28.exd6
Nd5 29.Bxa6 Kh7 30.Bxb7 Qxb7 31.Qe5 Qb6 32.c4 Rxd6 33.Nxe6 Rxe6 34.Qxd5 
Qxb2 35.Ra7 Qf2 36.Raa1 Qb2 37.h3 Rf6 38.Rae1 Kg7 39.Rxf6 Qxf6 40.Qe5 Rc8 
41.Qxf6+ Kxf6 42.Rc1 Ke5 43.Re1+ Kd4 44.Re7 1/2-1/2

[Event "1st Tungsram it"]
[Site "Budapest HUN"]
[Date "1975.03.??"]
[Round "8"]
[White "Mariotti, Sergio"]
[WhiteElo "2495"]
[Black "Adorjan, Andras"]
[BlackElo "2515"]
[Result "1/2-1/2"]
[EventDate "1975.03.18"]
[PlyCount "92"]

1.e4 c5 2.Nf3 Nc6 3.d4 cxd4 4.Nxd4 g6 5.c4 Nf6 6.Nc3 d6 7.Be2 Nxd4 8.Qxd4 
Bg7 9.Bg5 O-O 10.Qd2 Be6 11.Rc1 Qa5 12.f3 Rfc8 13.b3 a6 14.Nd5 Qxd2+ 15.
Kxd2 Nxd5 16.exd5 Bd7 17.f4 e6 18.dxe6 fxe6 19.h4 Bc6 20.Rh2 h6 21.Be7 Re8
22.Bxd6 Rad8 23.c5 Bf8 24.Kc3 Bxd6 25.cxd6 Rxd6 26.Rd1 Rxd1 27.Bxd1 e5 28.
fxe5 Rxe5 29.g4 Rc5+ 30.Kb2 Kg7 31.Rd2 Re5 32.Rd6 a5 33.a4 Kf7 34.Bc2 Re2 
35.Kc3 Ke7 36.Rd4 Kf6 37.Bd3 Rh2 38.Rd6+ Ke5 39.Rxg6 Rxh4 40.g5 hxg5 41.
Rxg5+ Kd6 42.Rxa5 Rh3 43.Kd2 Rh2+ 44.Kc1 Bd5 45.Rb5 Rh3 46.Bc2 Kc6 1/2-1/2

[Event "1st Tungsram it"]
[Site "Budapest HUN"]
[Date "1975.03.??"]
[Round "9"]
[White "Espig, Lutz"]
[WhiteElo "2490"]
[Black "Smejkal, Jan"]
[BlackElo "2600"]
[Result "0-1"]
[EventDate "1975.03.18"]
[PlyCount "62"]

1.Nf3 Nf6 2.c4 c5 3.Nc3 Nc6 4.g3 d5 5.cxd5 Nxd5 6.Bg2 Nc7 7.d3 e5 8.Nd2 
Bd7 9.O-O Be7 10.Nc4 f6 11.f4 b5 12.Ne3 exf4 13.Rxf4 Rb8 14.Nf5 O-O 15.a4 
b4 16.Nxe7+ Qxe7 17.Nd5 Nxd5 18.Bxd5+ Kh8 19.Bg2 Nd4 20.e3 Ne6 21.Rh4 Be8 
22.Rc4 Rd8 23.d4 Bg6 24.d5 Ng5 25.h4 Ne4 26.h5 Nd6 27.Rxc5 Be4 28.Rc6 Qe5 
29.Kf2 Bxg2 30.Kxg2 Ne4 31.Qf3 Ng5 0-1

[Event "1st Tungsram it"]
[Site "Budapest HUN"]
[Date "1975.03.??"]
[Round "9"]
[White "Ribli, Zoltan"]
[WhiteElo "2520"]
[Black "Farago, Ivan"]
[BlackElo "2460"]
[Result "1-0"]
[EventDate "1975.03.18"]
[PlyCount "128"]

1.c4 Nf6 2.g3 e6 3.Bg2 d5 4.Nf3 Be7 5.O-O O-O 6.b3 b6 7.Bb2 Bb7 8.e3 Nbd7 
9.Qe2 c5 10.Nc3 Ne4 11.Rfd1 Bf6 12.d4 Nxc3 13.Bxc3 dxc4 14.Qxc4 Rc8 15.
dxc5 Rxc5 16.Bxf6 Qxf6 17.Qd4 Qxd4 18.Nxd4 Bxg2 19.Kxg2 Nb8 20.Rac1 Rd5 
21.Nc6 Rxd1 22.Ne7+ Kh8 23.Rxd1 g6 24.Rc1 Na6 25.a3 Kg7 26.Rc8 Nb8 27.Rc7 
a6 28.Kf3 Rd8 29.Nc6 Nxc6 30.Rxc6 Rb8 31.b4 a5 32.b5 h5 33.a4 Rb7 34.Ke4 
Kf6 35.f4 Rb8 36.h3 Rb7 37.Kd4 Rd7+ 38.Kc4 Rb7 39.Kc3 Kf5 40.Kd3 Rd7+ 41.
Ke2 Rb7 42.Kf3 Kf6 43.g4 hxg4+ 44.Kxg4 Rb8 45.h4 Rb7 46.e4 Rd7 47.e5+ Kg7 
48.Rxb6 Rd4 49.Ra6 Rxa4 50.Kf3 Ra1 51.Ke4 a4 52.Kd4 Kh6 53.Kc5 a3 54.Kb6 
a2 55.Ra4 Kh5 56.Ka6 Kxh4 57.b6 Kg4 58.b7 Rb1 59.Rxa2 Kxf4 60.Ra5 Rxb7 61.
Kxb7 g5 62.Kc6 g4 63.Kd6 g3 64.Ra7 1-0

[Event "1st Tungsram it"]
[Site "Budapest HUN"]
[Date "1975.03.??"]
[Round "9"]
[White "Adorjan, Andras"]
[WhiteElo "2515"]
[Black "Polugaevsky, Lev"]
[BlackElo "2645"]
[Result "1/2-1/2"]
[EventDate "1975.03.18"]
[PlyCount "28"]

1.e4 c5 2.Nf3 d6 3.Nc3 Nf6 4.e5 dxe5 5.Nxe5 e6 6.Bb5+ Nbd7 7.d4 a6 8.Bxd7+
Bxd7 9.O-O Rc8 10.dxc5 Bxc5 11.Bg5 Be7 12.Nxd7 Qxd7 13.Qxd7+ Nxd7 14.Bxe7 
Kxe7 1/2-1/2

[Event "1st Tungsram it"]
[Site "Budapest HUN"]
[Date "1975.03.??"]
[Round "9"]
[White "Bilek, Istvan"]
[WhiteElo "2495"]
[Black "Szabo, Laszlo"]
[BlackElo "2545"]
[Result "1/2-1/2"]
[EventDate "1975.03.18"]
[PlyCount "28"]

1.d4 Nf6 2.c4 e6 3.Nf3 b6 4.g3 Bb4+ 5.Bd2 Bxd2+ 6.Qxd2 Ba6 7.Na3 O-O 8.Bg2
Bb7 9.O-O d6 10.Rfd1 Nbd7 11.Qc2 Qe7 12.Nb5 c6 13.Nc3 d5 14.cxd5 cxd5 
1/2-1/2

[Event "1st Tungsram it"]
[Site "Budapest HUN"]
[Date "1975.03.??"]
[Round "9"]
[White "Hulak, Krunoslav"]
[WhiteElo "2475"]
[Black "Pinter, Jozsef"]
[BlackElo "2410"]
[Result "0-1"]
[EventDate "1975.03.18"]
[PlyCount "72"]

1.e4 c5 2.Nf3 d6 3.d4 cxd4 4.Qxd4 a6 5.c4 Nc6 6.Qd2 g6 7.b3 Nf6 8.Nc3 Bg7 
9.Bb2 O-O 10.Be2 Qa5 11.Rb1 Bg4 12.a3 b5 13.b4 Qb6 14.cxb5 axb5 15.Qd3 
Rfb8 16.Rd1 Bxf3 17.gxf3 Ne5 18.Qd2 Rc8 19.O-O Nc4 20.Bxc4 Rxc4 21.Rc1 
Rac8 22.Ne2 Qb7 23.Rfd1 Nd7 24.Rxc4 Rxc4 25.Bxg7 Kxg7 26.Nd4 Ne5 27.Qb2 
Kg8 28.Kg2 f5 29.Qe2 Qc8 30.exf5 gxf5 31.Qe3 Kh8 32.Qg5 Ng6 33.h4 Qg8 34.
Kh3 Qd5 35.Qd2 e5 36.Nxf5 Qxf3+ 0-1

[Event "1st Tungsram it"]
[Site "Budapest HUN"]
[Date "1975.03.??"]
[Round "9"]
[White "Holm, Sejer"]
[WhiteElo "2390"]
[Black "Poutiainen, Pertti"]
[BlackElo "2395"]
[Result "0-1"]
[EventDate "1975.03.18"]
[PlyCount "80"]

1.d4 Nf6 2.c4 g6 3.Nc3 d5 4.cxd5 Nxd5 5.e4 Nxc3 6.bxc3 Bg7 7.Bc4 O-O 8.Ne2
b6 9.O-O Bb7 10.f3 Nc6 11.Be3 Qd7 12.Rc1 e6 13.Bb5 a6 14.Bd3 Rad8 15.Bb1 
f5 16.Bg5 Rde8 17.Qd2 b5 18.e5 Na5 19.h4 c5 20.h5 gxh5 21.Ng3 Nc4 22.Qf4 
cxd4 23.cxd4 h6 24.Bh4 Qf7 25.a4 Bd5 26.axb5 axb5 27.Ne2 b4 28.Bd3 Na3 29.
Qd2 Rb8 30.Qb2 Rb6 31.Nf4 Rfb8 32.Kh2 Bf8 33.g4 hxg4 34.fxg4 Be7 35.Bxe7 
Qxe7 36.gxf5 Qh4+ 37.Nh3 exf5 38.Rf4 Qe7 39.Rc5 Bb7 40.Qc1 Rg6 0-1

[Event "1st Tungsram it"]
[Site "Budapest HUN"]
[Date "1975.03.??"]
[Round "9"]
[White "Sax, Gyula"]
[WhiteElo "2510"]
[Black "Mariotti, Sergio"]
[BlackElo "2495"]
[Result "1-0"]
[EventDate "1975.03.18"]
[PlyCount "55"]

1.e4 Nc6 2.Nc3 e5 3.Bc4 Nf6 4.d3 Bc5 5.Bg5 h6 6.Bh4 g5 7.Bg3 a6 8.h4 Rg8 
9.hxg5 hxg5 10.Nf3 d6 11.Qd2 Be6 12.Bxe6 fxe6 13.Nxg5 Qe7 14.Rh6 O-O-O 15.
Bh4 Ng4 16.Nxe6 Qf7 17.Nxd8 Nxd8 18.Nd5 Nxh6 19.Qxh6 Rxg2 20.O-O-O Ne6 21.
f4 exf4 22.d4 Bxd4 23.Rxd4 Nxd4 24.Qh8+ Kd7 25.Qxd4 Qg7 26.Nf6+ Kc6 27.a4 
b5 28.Qa7 1-0

[Event "1st Tungsram it"]
[Site "Budapest HUN"]
[Date "1975.03.??"]
[Round "10"]
[White "Smejkal, Jan"]
[WhiteElo "2600"]
[Black "Adorjan, Andras"]
[BlackElo "2515"]
[Result "1-0"]
[EventDate "1975.03.18"]
[PlyCount "81"]

1.c4 g6 2.Nf3 Bg7 3.d4 Nf6 4.g3 O-O 5.Bg2 d6 6.O-O Nc6 7.Nc3 a6 8.d5 Na5 
9.b3 c5 10.dxc6 Nxc6 11.Bb2 Bd7 12.Qd2 Qa5 13.Rfd1 Rab8 14.a3 Rfc8 15.b4 
Qh5 16.Nd5 Nxd5 17.cxd5 Ne5 18.Nxe5 Bxe5 19.Rac1 Qf5 20.f4 Bxb2 21.Qxb2 
Qf6 22.Qxf6 exf6 23.Kf2 Kf8 24.e4 Ke7 25.Ke3 Rxc1 26.Rxc1 Rc8 27.Rxc8 Bxc8
28.a4 b6 29.a5 b5 30.Bf3 Bd7 31.Kd4 Bc8 32.h4 h6 33.Be2 Bb7 34.Bg4 Kd8 35.
Bh3 Ke7 36.Bg4 Kd8 37.h5 Bc8 38.Bxc8 Kxc8 39.e5 fxe5+ 40.fxe5 Kd7 41.g4 
1-0

[Event "1st Tungsram it"]
[Site "Budapest HUN"]
[Date "1975.03.??"]
[Round "10"]
[White "Poutiainen, Pertti"]
[WhiteElo "2395"]
[Black "Espig, Lutz"]
[BlackElo "2490"]
[Result "1/2-1/2"]
[EventDate "1975.03.18"]
[PlyCount "84"]

1.e4 c5 2.Nf3 e6 3.d4 cxd4 4.Nxd4 Nf6 5.Nc3 d6 6.Be2 Be7 7.O-O O-O 8.Be3 
Nc6 9.f4 Bd7 10.Nb3 a6 11.a4 Na5 12.e5 Ne8 13.Nxa5 Qxa5 14.Qd2 Qc7 15.Bd4 
Rc8 16.Kh1 Bc6 17.Qe3 g6 18.Rad1 dxe5 19.fxe5 Ng7 20.Bb6 Qb8 21.Bd3 Nf5 
22.Qf4 Bd8 23.Bxd8 Rcxd8 24.Bxf5 exf5 25.Rd6 Qc7 26.Rfd1 Rde8 27.Qd4 Re7 
28.b4 Rfe8 29.Re1 Re6 30.Rxe6 Rxe6 31.b5 axb5 32.axb5 Be4 33.Nxe4 fxe4 34.
Qxe4 Qc3 35.h3 b6 36.Kh2 Kg7 37.Re3 Qc7 38.Kh1 Qc5 39.c4 Re8 40.Qf4 Kg8 
41.Re1 Re6 42.Qe4 Kg7 1/2-1/2

[Event "1st Tungsram it"]
[Site "Budapest HUN"]
[Date "1975.03.??"]
[Round "10"]
[White "Pinter, Jozsef"]
[WhiteElo "2410"]
[Black "Holm, Sejer"]
[BlackElo "2390"]
[Result "0-1"]
[EventDate "1975.03.18"]
[PlyCount "64"]

1.e4 c5 2.Nf3 d6 3.d4 cxd4 4.Nxd4 Nf6 5.Nc3 Nc6 6.Bc4 Qb6 7.Nb3 e6 8.Be3 
Qc7 9.f4 a6 10.Bd3 b5 11.Qf3 Bb7 12.O-O Be7 13.a4 b4 14.Ne2 a5 15.Qh3 e5 
16.Kh1 exf4 17.Nxf4 Ne5 18.Bb5+ Kf8 19.Nd4 Qc8 20.Qg3 Bxe4 21.Rae1 h5 22.
Bd2 Kg8 23.Qb3 Qb7 24.Nf3 Rc8 25.Rxe4 Qxe4 26.Nxe5 dxe5 27.Bd3 Qd4 28.Ng6 
Rc7 29.Bc3 bxc3 30.Qb8+ Bd8 31.bxc3 Qd6 32.Rd1 Rd7 0-1

[Event "1st Tungsram it"]
[Site "Budapest HUN"]
[Date "1975.03.??"]
[Round "10"]
[White "Mariotti, Sergio"]
[WhiteElo "2495"]
[Black "Bilek, Istvan"]
[BlackElo "2495"]
[Result "1-0"]
[EventDate "1975.03.18"]
[PlyCount "92"]

1.e4 c5 2.Nf3 g6 3.d4 Bg7 4.dxc5 Qa5+ 5.c3 Qxc5 6.Be3 Qc7 7.h3 Nc6 8.Bd3 
Nf6 9.O-O O-O 10.c4 Nh5 11.Qd2 Qa5 12.Nc3 d6 13.Rab1 Be6 14.b4 Qd8 15.Nd5 
Qd7 16.b5 Ne5 17.Be2 Nxf3+ 18.Bxf3 Nf6 19.Rfc1 Qd8 20.Nxf6+ Bxf6 21.e5 
Bxe5 22.Bxb7 Rb8 23.Bc6 Qc7 24.f4 Bf6 25.Qf2 Rb6 26.Bd5 Bf5 27.Rb3 h5 28.
Ra3 e5 29.fxe5 Bxe5 30.Rf1 Rfb8 31.Qh4 Qd7 32.Bxb6 axb6 33.Raf3 Be6 34.Qe4
Bxd5 35.Qxd5 Rf8 36.c5 bxc5 37.b6 Kg7 38.b7 f6 39.Rb1 Rb8 40.Kh1 c4 41.
Qxc4 Rxb7 42.Rxb7 Qxb7 43.Rb3 Qa7 44.Qc1 f5 45.h4 f4 46.Qc8 1-0